[Event "Chicago Open"]
[Site "Chicago"]
[Date "2009.05.24"]
[Round "5.17"]
[White "Madison, Jeremy"]
[Black "Fiedler, Brian"]
[Result "1/2-1/2"]
[WhiteElo "1922"]
[BlackElo "2236"]
[PlyCount "48"]
[EventDate "2009.05.??"]
[SourceDate "2009.05.23"]

1. d4 g6 2. e4 d6 3. Bc4 Nf6 4. f3 Bg7 5. Ne2 c6 6. c3 d5 7. Bd3 h5 8. e5 Ng8
9. Qc2 e6 10. O-O Ne7 11. Bg5 b6 12. b3 Na6 13. Nf4 Qd7 14. Nd2 Bb7 15. a4 Nc7
16. Ne2 a5 17. f4 Ba6 18. c4 Nf5 19. Bxf5 exf5 20. Rfe1 Ne6 21. Nf3 O-O 22.
Rac1 Rfc8 23. Qd2 Bf8 24. Qe3 c5 1/2-1/2

[Event "Chicago Open"]
[Site "Chicago"]
[Date "2009.05.24"]
[Round "5.20"]
[White "Dougherty, Michael"]
[Black "Hendrickson, Nolan"]
[Result "1/2-1/2"]
[WhiteElo "2268"]
[BlackElo "1882"]
[PlyCount "62"]
[EventDate "2009.05.??"]
[SourceDate "2009.05.23"]

1. d4 Nf6 2. Nf3 g6 3. c4 Bg7 4. Nc3 d6 5. Bg5 O-O 6. Qd2 Nbd7 7. O-O-O b5 8.
cxb5 a6 9. e4 axb5 10. Bxb5 c5 11. Rhe1 Qa5 12. Qe2 h6 13. Bd2 cxd4 14. Nxd4
Bb7 15. a4 Rfc8 16. Kb1 Qb6 17. Nc2 Nc5 18. f3 Ba6 19. Be3 Bxb5 20. axb5 Qc7
21. Qc4 Qb7 22. Qb4 Nfd7 23. Bd4 Ne5 24. Bxe5 Bxe5 25. Nd4 Ra7 26. Re3 Ne6 27.
Nde2 Rca8 28. Kc2 Nc5 29. Qc4 Na4 30. f4 Bxc3 31. bxc3 Nb6 1/2-1/2

[Event "Chicago Open"]
[Site "Chicago"]
[Date "2009.05.25"]
[Round "6.1"]
[White "Sadvakasov, Darmen"]
[Black "Sargissian, Gabriel"]
[Result "0-1"]
[WhiteElo "2618"]
[BlackElo "2760"]
[PlyCount "160"]
[EventDate "2009.05.??"]
[SourceDate "2009.05.23"]

1. e4 e5 2. Nf3 Nc6 3. Bb5 a6 4. Ba4 Nf6 5. O-O Be7 6. Re1 b5 7. Bb3 O-O 8. a4
b4 9. d3 d6 10. a5 Be6 11. Nbd2 Rb8 12. h3 h6 13. Qe2 Qc8 14. Nc4 Rd8 15. Be3
Qb7 16. Qf1 Bf8 17. g3 Re8 18. Kh2 g6 19. Qg2 Bg7 20. Ba4 Bxc4 21. dxc4 Rf8 22.
Bxc6 Qxc6 23. Nd2 Nd7 24. g4 Nc5 25. b3 Ne6 26. Rg1 Kh7 27. h4 Nf4 28. Qf3 Qe8
29. Rae1 Qe7 30. Qg3 Rg8 31. Nf3 Ne6 32. Qh3 Nd4 33. Bxd4 exd4 34. Ng5+ Kh8 35.
f4 Rge8 36. Nf3 Qf6 37. f5 d3 38. cxd3 Qb2+ 39. Kh1 Qxb3 40. f6 Bxf6 41. g5
Qxd3 42. gxf6 Rxe4 43. Rxe4 Qxe4 44. Qg4 Re8 45. Qxe4 Rxe4 46. Rc1 Rf4 47. Kg2
Rxf6 48. c5 Rf5 49. cxd6 cxd6 50. Rc4 b3 51. Rb4 Rxa5 52. Rxb3 Rd5 53. Kg3 Kg7
54. Kf4 a5 55. Ke4 a4 56. Ra3 Ra5 57. Nd4 f5+ 58. Kd3 Kf6 59. Kc4 g5 60. hxg5+
hxg5 61. Kb4 Ra8 62. Kc4 g4 63. Kd3 Ke5 64. Ra1 a3 65. Rf1 Rf8 66. Re1+ Kf6 67.
Nxf5 a2 68. Ne3 Ra8 69. Nc2 Kg5 70. Kc3 g3 71. Kb2 Kf4 72. Ka1 Rg8 73. Nd4 g2
74. Kxa2 Kg3 75. Rd1 Kf2 76. Nf5 d5 77. Ne7 Rg5 78. Kb3 Re5 79. Nxd5 Rxd5 80.
Rxd5 g1=Q 0-1

[Event "Chicago Open"]
[Site "Chicago"]
[Date "2009.05.25"]
[Round "6.3"]
[White "Ehlvest, Jaan"]
[Black "Shabalov, Alexander"]
[Result "1-0"]
[WhiteElo "2649"]
[BlackElo "2620"]
[PlyCount "123"]
[EventDate "2009.05.??"]
[SourceDate "2009.05.23"]

1. c4 b6 2. Nc3 Bb7 3. e4 e6 4. d3 Bb4 5. Qg4 Qf6 6. Nge2 Qg6 7. Qh3 Ne7 8. a3
Bxc3+ 9. Nxc3 f5 10. Qg3 Qxg3 11. hxg3 Nbc6 12. Be3 O-O-O 13. O-O-O h6 14. f3
d5 15. cxd5 exd5 16. Bf2 Rhf8 17. exf5 d4 18. Ne4 Nxf5 19. Re1 Na5 20. g4 Nd6
21. Nd2 c5 22. Rh5 Rf7 23. Bg3 Kd7 24. b3 Re8 25. Rxe8 Nxe8 26. b4 Nf6 27. Rh1
cxb4 28. axb4 Nc6 29. b5 Nd8 30. Nc4 Re7 31. Nd6 Ke6 32. Nf5 Rd7 33. Bf2 Ke5
34. Be2 g6 35. Bg3+ Kd5 36. Nxh6 Kc5 37. Kd2 Ne6 38. Be5 Nd5 39. Ng8 Nef4 40.
Nf6 Nxf6 41. Bxf4 Nd5 42. Be5 Nc3 43. Rh6 Kxb5 44. Rxg6 Nxe2 45. Kxe2 a5 46.
Rg7 Rxg7 47. Bxg7 Kc5 48. g5 Kd5 49. g6 b5 50. Bf6 Bc8 51. Bd8 a4 52. g7 Be6
53. Be7 Bg8 54. g4 Ke5 55. Kf2 Ke6 56. Bf8 Kf6 57. f4 Bd5 58. Bc5 Kxg7 59.
Bxd4+ Kg6 60. Bc5 Bb3 61. d4 Bd1 62. Kg3 1-0

[Event "Chicago Open"]
[Site "Chicago"]
[Date "2009.05.25"]
[Round "6.7"]
[White "Molner, Mackenzie"]
[Black "Smith, Bryan"]
[Result "1-0"]
[WhiteElo "2416"]
[BlackElo "2550"]
[PlyCount "83"]
[EventDate "2009.05.??"]
[SourceDate "2009.05.23"]

1. e4 c5 2. Nf3 d6 3. d4 cxd4 4. Nxd4 Nf6 5. Nc3 g6 6. Be3 Bg7 7. f3 O-O 8. Qd2
Nc6 9. g4 e5 10. Nxc6 bxc6 11. O-O-O d5 12. exd5 cxd5 13. Nxd5 e4 14. Bc4 Nxd5
15. Bxd5 Rb8 16. c3 Qa5 17. Bf4 Rb5 18. Bd6 e3 19. Qd3 e2 20. Rd2 Rd8 21. Qc4
Rxd5 22. Rxd5 Bh6+ 23. Kc2 Be6 24. Rxa5 Bxc4 25. g5 Bxg5 26. Rxg5 Rxd6 27. Re1
f5 28. f4 Bd3+ 29. Kc1 Ra6 30. Rg3 Bb5 31. a3 Ra4 32. Rf3 Kf7 33. Rf2 Kf6 34.
b3 Rxa3 35. Kb2 Ra6 36. c4 Bc6 37. Rfxe2 Be4 38. Ra1 Rd6 39. Rxa7 h6 40. Rh7
Rd4 41. Rxh6 Bf3 42. Rf2 1-0

[Event "Chicago Open"]
[Site "Chicago"]
[Date "2009.05.25"]
[Round "6.11"]
[White "Melekhina, Alisa"]
[Black "Owen, Steven"]
[Result "1-0"]
[WhiteElo "2322"]
[BlackElo "2082"]
[PlyCount "92"]
[EventDate "2009.05.??"]
[SourceDate "2009.05.23"]

1. e4 e6 2. d4 d5 3. exd5 exd5 4. Bd3 Nc6 5. c3 Bd6 6. Qf3 Be6 7. Ne2 Qf6 8.
Qxf6 Nxf6 9. Bf4 O-O-O 10. Bg5 h6 11. Bxf6 gxf6 12. Nd2 Rdg8 13. g3 Bh3 14.
O-O-O h5 15. Nf1 Ne7 16. Ne3 h4 17. Ng1 Be6 18. Nf3 hxg3 19. fxg3 f5 20. Ng2 f4
21. Nxf4 Bxf4+ 22. gxf4 Bg4 23. Rdf1 Bh3 24. Rf2 f6 25. Re1 Kd7 26. Rfe2 Rg7
27. Ng1 Bg2 28. Rf2 f5 29. h3 Be4 30. Be2 c6 31. Bf3 Rg3 32. Bxe4 dxe4 33. c4
Rh4 34. Ref1 Ng6 35. Kc2 Rd3 36. Rg2 Nxf4 37. Rg7+ Kc8 38. Rg8+ Kc7 39. Rg7+
Kb6 40. c5+ Ka6 41. Rf7 Nd5 42. Kc1 f4 43. Ne2 f3 44. Ng3 Ne3 45. Re1 Rxh3 46.
Nxe4 Nd5 1-0

[Event "Chicago Open"]
[Site "Chicago"]
[Date "2009.05.25"]
[Round "6.12"]
[White "Holt, Conrad"]
[Black "Bradford, Joseph"]
[Result "0-1"]
[WhiteElo "2294"]
[BlackElo "2476"]
[PlyCount "70"]
[EventDate "2009.05.??"]
[SourceDate "2009.05.23"]

1. d4 Nf6 2. c4 c5 3. d5 b5 4. Nf3 d6 5. cxb5 a6 6. e3 g6 7. bxa6 Bg7 8. Bc4
Bxa6 9. Bxa6 Qa5+ 10. Nc3 Qxa6 11. Qe2 O-O 12. Qxa6 Nxa6 13. Ke2 Rfb8 14. Rd1
Nd7 15. a3 Kf8 16. Ra2 Nb6 17. e4 Nc7 18. Rd2 f5 19. Ng5 h6 20. Ne6+ Nxe6 21.
dxe6 Bxc3 22. bxc3 fxe4 23. Rdb2 Kg7 24. a4 Nxa4 25. Rxb8 Nxc3+ 26. Kd2 Rxa2+
27. Kxc3 Rxf2 28. Re8 Rxg2 29. Kc4 Rc2+ 30. Kd5 Rxc1 31. Rxe7+ Kf8 32. Ra7 Rd1+
33. Kc6 Ke8 34. Ra4 Rd4 35. Ra7 c4 0-1

[Event "Chicago Open"]
[Site "Chicago"]
[Date "2009.05.25"]
[Round "6.15"]
[White "Fiedler, Brian"]
[Black "Adu, Oladapo"]
[Result "0-1"]
[WhiteElo "2236"]
[BlackElo "2344"]
[PlyCount "76"]
[EventDate "2009.05.??"]
[SourceDate "2009.05.23"]

1. e4 c5 2. Nc3 Nc6 3. g3 g6 4. Bg2 Bg7 5. d3 d6 6. Be3 Nf6 7. h3 Rb8 8. Qd2 h5
9. Nge2 Qb6 10. Nd1 Qa6 11. O-O h4 12. g4 Nxg4 13. hxg4 h3 14. Bh1 h2+ 15. Kg2
Bxg4 16. f3 Bh3+ 17. Kf2 Bxf1 18. Kxf1 Ne5 19. Nf2 Qb5 20. c3 Qd7 21. b3 f5 22.
d4 cxd4 23. cxd4 Nc6 24. Kg2 e5 25. f4 exd4 26. Nxd4 fxe4 27. Nxc6 bxc6 28. Rd1
d5 29. Nxe4 Qh3+ 30. Kf2 dxe4 31. Bxe4 O-O 32. Rh1 Rbd8 33. Qc2 g5 34. Qxc6
gxf4 35. Bd5+ Kh8 36. Bc5 Qg3+ 37. Ke2 Rfe8+ 38. Kd2 Qg2+ 0-1

[Event "Chicago Open"]
[Site "Chicago"]
[Date "2009.05.25"]
[Round "6.16"]
[White "Becker, Allen"]
[Black "Lwin, Aung"]
[Result "0-1"]
[WhiteElo "2014"]
[BlackElo "2313"]
[PlyCount "78"]
[EventDate "2009.05.??"]
[SourceDate "2009.05.23"]

1. e4 c5 2. Nf3 d6 3. d4 cxd4 4. Nxd4 Nf6 5. Nc3 g6 6. Be3 Bg7 7. Be2 Nc6 8.
Nb3 O-O 9. O-O Be6 10. f4 Rc8 11. Bf3 Nd7 12. Nd4 Nxd4 13. Bxd4 Bxd4+ 14. Qxd4
Qb6 15. Qxb6 Nxb6 16. Rf2 Rc5 17. Nd1 Rfc8 18. c3 Na4 19. Rd2 b5 20. Ne3 a5 21.
f5 Bd7 22. Nd5 Kf8 23. f6 exf6 24. Bd1 Be6 25. Bxa4 Bxd5 26. Bb3 Bxe4 27. Rxd6
a4 28. Rd4 f5 29. Bd1 a3 30. bxa3 Rxc3 31. Bb3 Rc1+ 32. Rxc1 Rxc1+ 33. Kf2 Kg7
34. Rb4 Rh1 35. Rxb5 Rxh2 36. Rc5 Rxg2+ 37. Ke3 Rg3+ 38. Kd4 Rd3+ 39. Kc4 h5
0-1

[Event "Chicago Open"]
[Site "Chicago"]
[Date "2009.05.25"]
[Round "6.17"]
[White "Homa, Seth"]
[Black "Madison, Jeremy"]
[Result "1-0"]
[WhiteElo "2284"]
[BlackElo "1922"]
[PlyCount "59"]
[EventDate "2009.05.??"]
[SourceDate "2009.05.23"]

1. e4 e5 2. Nf3 d6 3. d4 exd4 4. Nxd4 g6 5. Nc3 Bg7 6. Bf4 Nf6 7. Qd2 O-O 8.
O-O-O Re8 9. f3 a6 10. h4 h5 11. Bg5 Nbd7 12. Be2 Nf8 13. g4 N8h7 14. Bh6 hxg4
15. h5 Bxh6 16. Qxh6 g5 17. Bc4 Be6 18. Nxe6 fxe6 19. e5 gxf3 20. Bd3 Qd7 21.
exf6 Rf8 22. Bxh7+ Qxh7 23. Qxg5+ Kh8 24. h6 Rg8 25. Qg7+ Rxg7 26. hxg7+ Kg8
27. Rxh7 Kxh7 28. Rh1+ Kg6 29. Kd2 Rg8 30. Rh8 1-0

[Event "Chicago Open"]
[Site "Chicago"]
[Date "2009.05.25"]
[Round "6.18"]
[White "Hellwig, Luke"]
[Black "Dougherty, Michael"]
[Result "0-1"]
[WhiteElo "2000"]
[BlackElo "2268"]
[PlyCount "62"]
[EventDate "2009.05.??"]
[SourceDate "2009.05.23"]

1. d4 Nf6 2. c4 e6 3. Nc3 Bb4 4. f3 c5 5. d5 exd5 6. cxd5 d6 7. e4 O-O 8. Bd2
Nh5 9. Nge2 Nd7 10. Qc2 f5 11. O-O-O Ne5 12. Nf4 Nxf4 13. Bxf4 Ng6 14. Bd2 f4
15. Nb1 Bd7 16. Be2 b5 17. g3 Qf6 18. Nc3 Rab8 19. gxf4 Nxf4 20. Bxf4 Qxf4+ 21.
Qd2 Bxc3 22. bxc3 Qe5 23. Qb2 Rfc8 24. Rhg1 c4 25. Qd2 b4 26. Qd4 bxc3 27. Qxe5
dxe5 28. Bf1 Ba4 29. Bh3 c2 30. Rde1 c3 31. Bxc8 Rb1# 0-1

[Event "Chicago Open"]
[Site "Chicago"]
[Date "2009.05.25"]
[Round "6.28"]
[White "Karklins, Andrew"]
[Black "Cardona, Liulia"]
[Result "1/2-1/2"]
[WhiteElo "2244"]
[BlackElo "2206"]
[PlyCount "76"]
[EventDate "2009.05.??"]
[SourceDate "2009.05.23"]

1. e4 e5 2. Nf3 d6 3. d4 exd4 4. Nxd4 Nf6 5. Nc3 Be7 6. Qf3 Nc6 7. Bb5 Bd7 8.
Bxc6 bxc6 9. e5 dxe5 10. Nxc6 Bxc6 11. Qxc6+ Kf8 12. O-O Rb8 13. b3 Qd7 14. Qf3
Qg4 15. Qe3 Qd4 16. Qg3 h5 17. Bg5 h4 18. Qh3 Bb4 19. Ne2 Qg4 20. Qxg4 Nxg4 21.
Rad1 f6 22. Bc1 h3 23. g3 Ke7 24. a3 Bc5 25. b4 Bd6 26. Nc3 a5 27. Nd5+ Kf7 28.
f3 Nh6 29. Bxh6 Rxh6 30. Nxc7 Bxc7 31. Rd7+ Kg6 32. Rxc7 axb4 33. Rb1 Rd8 34.
axb4 Rd2 35. Rf1 Rh8 36. Rf2 Rd1+ 37. Rf1 Rd2 38. Rf2 Rd1+ 1/2-1/2

[Event "Chicago Open"]
[Site "Chicago"]
[Date "2009.05.25"]
[Round "6.46"]
[White "Szpisjak, Steven"]
[Black "Airapetian, Chouch"]
[Result "0-1"]
[WhiteElo "2205"]
[BlackElo "2135"]
[PlyCount "90"]
[EventDate "2009.05.??"]
[SourceDate "2009.05.23"]

1. e4 e5 2. Nf3 Nc6 3. Bb5 a6 4. Ba4 Nf6 5. d3 b5 6. Bb3 h6 7. c3 Bc5 8. Nbd2
O-O 9. O-O d6 10. a4 Bb7 11. Re1 Bb6 12. Nf1 Na5 13. Ba2 c5 14. Ng3 c4 15. d4
Qc7 16. Be3 Nxe4 17. Nxe4 Bxe4 18. dxe5 Bxe3 19. Rxe3 Bxf3 20. Qxf3 dxe5 21.
axb5 axb5 22. Rae1 Rae8 23. Qd5 Qc6 24. Qd1 Qc5 25. Bb1 Re6 26. Qh5 Rfe8 27.
Rf3 R8e7 28. h4 Nb3 29. Qf5 e4 30. Rf4 g6 31. Qxc5 Nxc5 32. Re2 Nd3 33. Rg4 e3
34. Rxe3 Rxe3 35. fxe3 Rxe3 36. Bxd3 Rxd3 37. Kf2 Rd2+ 38. Ke3 Rxb2 39. Kd4 h5
40. Rg5 Kg7 41. Kc5 Rb3 42. Kd4 f5 43. Rg3 Kf6 44. Re3 Rb2 45. Kc5 Rxg2 0-1

[Event "Chicago Open"]
[Site "Chicago"]
[Date "2009.05.25"]
[Round "7.3"]
[White "Kacheishvili, Giorgi"]
[Black "Petrosian, Tigran"]
[Result "1/2-1/2"]
[WhiteElo "2638"]
[BlackElo "2698"]
[PlyCount "35"]
[EventDate "2009.05.??"]
[SourceDate "2009.05.23"]

1. d4 d5 2. Nf3 Nf6 3. c4 c6 4. Nc3 dxc4 5. e3 b5 6. a4 b4 7. Nb1 Ba6 8. Nbd2
c3 9. bxc3 bxc3 10. Nc4 e6 11. Bd3 Be7 12. O-O O-O 13. Ba3 Nbd7 14. Nce5 Bxa3
15. Rxa3 Bxd3 16. Qxd3 Nxe5 17. Nxe5 c5 18. Rxc3 1/2-1/2

[Event "Chicago Open"]
[Site "Chicago"]
[Date "2009.05.25"]
[Round "7.4"]
[White "Van Wely, Loek"]
[Black "Molner, Mackenzie"]
[Result "1-0"]
[WhiteElo "2730"]
[BlackElo "2416"]
[PlyCount "65"]
[EventDate "2009.05.??"]
[SourceDate "2009.05.23"]

1. d4 Nf6 2. c4 c5 3. d5 b5 4. cxb5 a6 5. bxa6 d6 6. Nc3 Bxa6 7. e4 Bxf1 8.
Kxf1 g6 9. Nge2 Bg7 10. h3 O-O 11. Kg1 e6 12. dxe6 fxe6 13. e5 dxe5 14. Qxd8
Rxd8 15. Kh2 Nc6 16. Ng3 Rdb8 17. Nge4 Nxe4 18. Nxe4 Nb4 19. a4 Nd3 20. a5 Bf8
21. Rd1 c4 22. a6 Nc5 23. Nxc5 Bxc5 24. Rd7 Bxf2 25. a7 Rb3 26. Bh6 e4 27. Rg7+
Kh8 28. Rf7 Bc5 29. Raf1 Rd3 30. Rb7 Bd6+ 31. Bf4 Bxf4+ 32. Rxf4 e3 33. Rxc4
1-0

[Event "Chicago Open"]
[Site "Chicago"]
[Date "2009.05.25"]
[Round "7.5"]
[White "Shabalov, Alexander"]
[Black "Yang, Darwin"]
[Result "1-0"]
[WhiteElo "2620"]
[BlackElo "2304"]
[PlyCount "89"]
[EventDate "2009.05.??"]
[SourceDate "2009.05.23"]

1. d4 d5 2. c4 e6 3. Nf3 c6 4. Nc3 Nf6 5. g3 Nbd7 6. Bg2 Be7 7. O-O b6 8. b3
O-O 9. Qc2 Ba6 10. Rd1 Rc8 11. e4 dxc4 12. Bf4 Bb4 13. Ne5 Nxe5 14. dxe5 Nd7
15. Nb1 Qc7 16. bxc4 Be7 17. Qc3 Rfd8 18. Nd2 g5 19. Be3 Nxe5 20. c5 Bf6 21.
Qa3 Be2 22. Re1 Bb5 23. Rab1 Rd3 24. Qc1 Ng4 25. cxb6 axb6 26. e5 Qxe5 27. Bxb6
Qc3 28. Ne4 Qxc1 29. Rexc1 Rb8 30. Be3 Be5 31. Bxg5 h6 32. Bf4 Bxf4 33. gxf4
Rdd8 34. h3 f5 35. hxg4 fxe4 36. Bxe4 Ra8 37. Rb2 Ra4 38. f3 Rda8 39. Rcc2 Kg7
40. Kf2 R8a6 41. Kg3 Bc4 42. Rb7+ Kf8 43. Rh2 Ra7 44. Rb8+ Kg7 45. g5 1-0

[Event "Chicago Open"]
[Site "Chicago"]
[Date "2009.05.25"]
[Round "7.8"]
[White "Bradford, Joseph"]
[Black "Kleiman, Jake"]
[Result "0-1"]
[WhiteElo "2476"]
[BlackElo "2373"]
[PlyCount "64"]
[EventDate "2009.05.??"]
[SourceDate "2009.05.23"]

1. Nf3 d5 2. d4 c6 3. c4 Nf6 4. Nc3 e6 5. e3 Nbd7 6. Qc2 Bd6 7. b3 O-O 8. Be2
dxc4 9. bxc4 e5 10. c5 Bc7 11. O-O exd4 12. exd4 Re8 13. h3 Nf8 14. Rb1 Rb8 15.
Rd1 Ng6 16. Bc4 Be6 17. Bxe6 Rxe6 18. Qa4 Ba5 19. d5 cxd5 20. Nb5 Ne4 21. Qd4
a6 22. Bb2 Qf8 23. Nd6 Nf4 24. Kf1 b6 25. Ba1 Ne2 26. Qxd5 N2c3 27. Qf5 Nxd6
28. cxd6 Nxd1 29. Rxd1 Rxd6 30. Rc1 Rbd8 31. Qc2 Rd5 32. g3 Qc5 0-1

[Event "Chicago Open"]
[Site "Chicago"]
[Date "2009.05.25"]
[Round "7.9"]
[White "Boor, Carl"]
[Black "Gildardo, Garcia"]
[Result "1-0"]
[WhiteElo "2306"]
[BlackElo "2483"]
[PlyCount "47"]
[EventDate "2009.05.??"]
[SourceDate "2009.05.23"]

1. d4 Nf6 2. Nf3 b6 3. Bf4 Bb7 4. e3 g6 5. Be2 Bg7 6. O-O O-O 7. c4 d6 8. h3
Nbd7 9. Nc3 Re8 10. Bh2 e5 11. d5 e4 12. Nd4 Qe7 13. b4 h5 14. a4 a5 15. Ncb5
Rec8 16. bxa5 Rxa5 17. Nb3 Ra6 18. a5 Ne8 19. Ra4 Rca8 20. Qb1 c6 21. c5 Nxc5
22. Nxc5 bxc5 23. Rxe4 Qd7 24. Rxe8+ 1-0

[Event "Chicago Open"]
[Site "Chicago"]
[Date "2009.05.25"]
[Round "7.36"]
[White "Cardona, Liulia"]
[Black "Aigner, Michael"]
[Result "0-1"]
[WhiteElo "2206"]
[BlackElo "2276"]
[PlyCount "84"]
[EventDate "2009.05.??"]
[SourceDate "2009.05.23"]

1. e4 c5 2. b3 Nc6 3. Bb2 e5 4. Bc4 d6 5. Ne2 Nf6 6. Nbc3 Nd4 7. d3 a6 8. a4
Be6 9. O-O Be7 10. Bxe6 Nxe6 11. f4 O-O 12. f5 Nd4 13. Ng3 d5 14. exd5 Nxd5 15.
Nxd5 Qxd5 16. Ne4 f6 17. Kh1 b5 18. Bc3 Rfd8 19. Nd2 Qd7 20. Bxd4 Qxd4 21. Qe2
Qb2 22. Rfc1 Qd4 23. Rf1 Bf8 24. Rfd1 Qd5 25. Ne4 Qc6 26. c3 Rd7 27. axb5 axb5
28. Rxa8 Qxa8 29. Nf2 Ra7 30. d4 Ra2 31. Rd2 Rxd2 32. Qxd2 Qa1+ 33. Nd1 cxd4
34. cxd4 Bb4 35. Qc2 Qxd4 36. h3 Bc5 37. Kh2 Qf4+ 38. g3 Qd4 39. Kg2 h5 40. Kf3
Qd5+ 41. Ke2 Qg2+ 42. Kd3 e4+ 0-1

[Event "Chicago Open"]
[Site "Chicago"]
[Date "2009.05.25"]
[Round "7.46"]
[White "Airapetian, Chouch"]
[Black "Iwu, Okechukwu"]
[Result "0-1"]
[WhiteElo "2135"]
[BlackElo "2203"]
[PlyCount "148"]
[EventDate "2009.05.??"]
[SourceDate "2009.05.23"]

1. e4 e6 2. d4 d5 3. Nc3 Bb4 4. e5 b6 5. Qg4 Bf8 6. Bg5 Qd7 7. O-O-O h6 8. Bd2
Ba6 9. Nge2 Nc6 10. h4 h5 11. Qf4 O-O-O 12. f3 g6 13. g4 Bh6 14. Qg3 Na5 15.
Bh3 Bxd2+ 16. Rxd2 Nc4 17. Rdd1 Qe7 18. a3 hxg4 19. Bxg4 Ne3 20. Rdg1 Nh6 21.
h5 gxh5 22. Rxh5 Nhf5 23. Qh3 Rhf8 24. Rh7 Rg8 25. Qh5 Rgf8 26. Re1 Qe8 27. Qg5
Qc6 28. Qf6 Bxe2 29. Rxe2 Nxg4 30. fxg4 Nxd4 31. Rd2 Qc5 32. g5 Rd7 33. Rf2 Nf5
34. Rd2 Qe7 35. Ne2 Qxf6 36. gxf6 Rg8 37. Nf4 Ne3 38. Rg7 Rh8 39. Rf2 Nc4 40.
Kb1 Nxe5 41. c3 c5 42. Re2 Nc6 43. Nd3 Kc7 44. Kc2 Kd6 45. Nf2 Rh4 46. Ng4 Rh5
47. Kd2 Rf5 48. Rh2 Ne5 49. Rh6 Nxg4 50. Rxg4 e5 51. Rg8 Rf2+ 52. Kc1 c4 53.
Re8 e4 54. Kb1 Rf5 55. Kc2 Re5 56. Rc8 Re6 57. Rg8 e3 58. Kd1 Ke5 59. Rg3 d4
60. cxd4+ Rxd4+ 61. Ke2 Rd2+ 62. Kxe3 Rd3+ 63. Kf2 Rxg3 64. Kxg3 Rxf6 65. Rh8
Kd4 66. Rc8 b5 67. Rb8 a6 68. a4 Kc5 69. axb5 axb5 70. Re8 Re6 71. Rf8 Re2 72.
Rxf7 Rxb2 73. Kf3 Rd2 74. Ke3 Rd8 0-1

[Event "Chicago Open u2300"]
[Site "Chicago"]
[Date "2009.05.23"]
[Round "1.4"]
[White "Theil, Carey"]
[Black "Simonse, Jimmy"]
[Result "1-0"]
[WhiteElo "2242"]
[BlackElo "2116"]
[PlyCount "47"]
[EventDate "2009.05.??"]
[SourceDate "2009.05.23"]

1. e4 c5 2. Nf3 d6 3. Bb5+ Bd7 4. a4 Nf6 5. Nc3 Nc6 6. O-O g6 7. Re1 Bg7 8. h3
O-O 9. d4 cxd4 10. Nxd4 a6 11. Bf1 Nxd4 12. Qxd4 Bc6 13. Qb4 Rc8 14. a5 Re8 15.
Bg5 Qc7 16. Rad1 Nd7 17. Rd2 Nc5 18. e5 Ne6 19. exd6 exd6 20. Be3 d5 21. Nxd5
Bxd5 22. Rxd5 Qxc2 23. Qxb7 Bxb2 24. Rd2 1-0

[Event "Chicago Open u2300"]
[Site "Chicago"]
[Date "2009.05.23"]
[Round "1.7"]
[White "Ellis, James"]
[Black "Veech, John"]
[Result "0-1"]
[WhiteElo "2203"]
[BlackElo "1944"]
[PlyCount "50"]
[EventDate "2009.05.??"]
[SourceDate "2009.05.23"]

1. e4 c5 2. Nf3 g6 3. c4 Nc6 4. d4 cxd4 5. Nxd4 Nf6 6. Nc3 d6 7. Be2 Nxd4 8.
Qxd4 Bg7 9. O-O O-O 10. Qd3 Be6 11. Bd2 Nd7 12. h3 Nc5 13. Qe3 f5 14. exf5 gxf5
15. f4 Qb6 16. Kh1 Bd7 17. Rae1 e6 18. Bd3 Bc6 19. Bc2 Rf6 20. Re2 Rg6 21. b4
Qxb4 22. Nd5 Qxc4 23. Bb3 Nxb3 24. Ne7+ Kf7 25. axb3 Bxg2+ 0-1

[Event "Chicago Open u2300"]
[Site "Chicago"]
[Date "2009.05.22"]
[Round "1.28"]
[White "Cardona, Liulia"]
[Black "Velikanov, Alexander"]
[Result "1-0"]
[WhiteElo "2206"]
[BlackElo "2035"]
[PlyCount "127"]
[EventDate "2009.05.??"]
[SourceDate "2009.05.23"]

1. e4 c5 2. b3 Nc6 3. Bb2 e5 4. Bc4 Nf6 5. Nc3 d6 6. Nge2 a6 7. a4 g6 8. O-O
Bg7 9. f4 O-O 10. fxe5 dxe5 11. d3 Ne8 12. Ba3 b6 13. Bd5 Bb7 14. Bxc6 Bxc6 15.
a5 Nd6 16. Na4 Bxa4 17. bxa4 Rc8 18. axb6 Qxb6 19. Rb1 Qc6 20. c4 f5 21. Nc3
Rb8 22. Nd5 Kh8 23. Qc2 f4 24. Qf2 Nb7 25. Rb6 Qxa4 26. Qb2 Qd7 27. Rf3 Rfc8
28. Rxa6 Nd8 29. Rb6 Ra8 30. Rb3 Ne6 31. Nb6 Qd4+ 32. Kf1 Qxb2 33. Rxb2 Rxa3
34. Nxc8 Ra1+ 35. Kf2 Ng5 36. Ne7 Bf8 37. Nd5 Nxf3 38. Kxf3 h5 39. Rb8 Kg7 40.
Rb7+ Kh6 41. Nf6 Ra6 42. Rh7+ Kg5 43. Rf7 Bd6 44. Nh7+ Kh6 45. h4 Bb8 46. Ng5
Ra7 47. Rf8 Bc7 48. Rh8+ Kg7 49. Rh7+ Kg8 50. Rd7 Bb6 51. Rd6 Bc7 52. Rxg6+ Kh8
53. Rh6+ Kg8 54. Rxh5 Ra3 55. Ne6 Rxd3+ 56. Kf2 Bd6 57. Nd8 Kg7 58. Nb7 Kg6 59.
Rg5+ Kf6 60. Rf5+ Ke6 61. h5 Rd2+ 62. Kg1 Rb2 63. Nxd6 Kxd6 64. h6 1-0

[Event "Chicago Open u2300"]
[Site "Chicago"]
[Date "2009.05.23"]
[Round "2.149"]
[White "Veech, John"]
[Black "Theil, Carey"]
[Result "1/2-1/2"]
[WhiteElo "1944"]
[BlackElo "2242"]
[PlyCount "46"]
[EventDate "2009.05.??"]
[SourceDate "2009.05.23"]

1. e4 c5 2. Nf3 g6 3. d4 cxd4 4. Qxd4 Nf6 5. e5 Nc6 6. Qa4 Nd5 7. Qe4 Nc7 8.
Nc3 Bg7 9. Bf4 b5 10. O-O-O O-O 11. Nxb5 Nxb5 12. Bxb5 Qb6 13. Bxc6 dxc6 14.
Nd4 Rb8 15. Nb3 Be6 16. h4 c5 17. Qe3 Qb4 18. h5 c4 19. Nd4 Qxb2+ 20. Kd2 Rfd8
21. Ke2 Qxa2 22. hxg6 hxg6 23. Bh6 Bh8 1/2-1/2

[Event "Chicago Open u2300"]
[Site "Chicago"]
[Date "2009.05.23"]
[Round "2.1"]
[White "Cardona, Liulia"]
[Black "Langer, Michael"]
[Result "0-1"]
[WhiteElo "2206"]
[BlackElo "2292"]
[PlyCount "98"]
[EventDate "2009.05.??"]
[SourceDate "2009.05.23"]

1. e4 c5 2. b3 e6 3. Bb2 d5 4. Nc3 d4 5. Nb1 Bd6 6. g3 e5 7. Bg2 Ne7 8. Ne2 O-O
9. O-O f5 10. exf5 Nxf5 11. d3 Nd7 12. Bc1 Rb8 13. a4 b6 14. Nd2 Nf6 15. Ne4
Nxe4 16. dxe4 Ne7 17. f4 exf4 18. gxf4 Ng6 19. e5 Be7 20. Ng3 Nh4 21. Be4 Nf5
22. Qd3 g6 23. Kh1 Qd7 24. Nxf5 gxf5 25. Bf3 Bb7 26. Bb2 Rbd8 27. Rad1 Bd5 28.
c4 Bc6 29. Qe2 Kh8 30. Bxc6 Qxc6+ 31. Qf3 Qe4 32. Rde1 Qxf3+ 33. Rxf3 Rg8 34.
Rg3 Bh4 35. Rxg8+ Kxg8 36. Rd1 Kf7 37. Kg2 Rg8+ 38. Kf3 Rg6 39. Bc1 Be7 40. Bd2
Rh6 41. Kg2 Kg6 42. Rf1 Kh5 43. Rf3 Bh4 44. Rf1 Kg4 45. Rf3 Rg6 46. Rf1 Re6 47.
Rf3 Rh6 48. Rf1 Be7 49. Rf3 Rxh2+ 0-1

[Event "Chicago Open u2300"]
[Site "Chicago"]
[Date "2009.05.23"]
[Round "2.23"]
[White "Wright, William"]
[Black "McVay, Karsten"]
[Result "1-0"]
[WhiteElo "2226"]
[BlackElo "2020"]
[PlyCount "47"]
[EventDate "2009.05.??"]
[SourceDate "2009.05.23"]

1. d4 d5 2. c4 Nc6 3. Nc3 dxc4 4. d5 Ne5 5. e4 Nf6 6. Bxc4 Nxc4 7. Qa4+ Bd7 8.
Qxc4 c6 9. Nf3 e6 10. d6 b5 11. Qd4 Qb8 12. e5 Nd5 13. Ne4 Qb6 14. Nc5 f6 15.
O-O O-O-O 16. Be3 g5 17. b4 Rg8 18. exf6 Bxd6 19. a4 g4 20. Ne5 Bxe5 21. Qxe5
Nxe3 22. fxe3 Rgf8 23. axb5 cxb5 24. Rfc1 1-0

[Event "Chicago Open u2300"]
[Site "Chicago"]
[Date "2009.05.23"]
[Round "2.31"]
[White "Pappu, Ananth"]
[Black "Rowley, Robert"]
[Result "1/2-1/2"]
[WhiteElo "2163"]
[BlackElo "2200"]
[PlyCount "114"]
[EventDate "2009.05.??"]
[SourceDate "2009.05.23"]

1. e4 c6 2. d4 d5 3. Nc3 dxe4 4. Nxe4 Bf5 5. Ng3 Bg6 6. h4 h6 7. Nf3 Nd7 8. h5
Bh7 9. Bd3 Bxd3 10. Qxd3 e6 11. Bf4 Ngf6 12. O-O-O Be7 13. Kb1 O-O 14. Ne4 Nxe4
15. Qxe4 Nf6 16. Qe2 Qd5 17. Ne5 Qe4 18. Be3 Nd5 19. Rh3 Rad8 20. Rg3 Bg5 21.
Rg4 Qf5 22. Bxg5 hxg5 23. Qf3 f6 24. Ng6 Qxf3 25. gxf3 Rfe8 26. Kc1 Kf7 27.
Rdg1 Ne7 28. c3 Nxg6 29. hxg6+ Kxg6 30. f4 Rd5 31. fxg5 Rxg5 32. Rxg5+ fxg5 33.
f4 Rh8 34. Rxg5+ Kf6 35. Kd2 Rh2+ 36. Ke3 Rxb2 37. Ra5 a6 38. Ke4 Rb5 39. Ra4
g5 40. fxg5+ Rxg5 41. Ra3 Rh5 42. Rb3 Rb5 43. Ra3 Rh5 44. Rb3 b5 45. Ra3 Rh4+
46. Kd3 Rh3+ 47. Kd2 b4 48. Rxa6 Rxc3 49. Rb6 Ra3 50. Rxc6 Kf5 51. Rc5+ Ke4 52.
Re5+ Kxd4 53. Rxe6 Rxa2+ 54. Kc1 Kc4 55. Kb1 Rd2 56. Re3 Rd3 57. Rxd3 Kxd3
1/2-1/2